A New Division of Labor (Record no. 351649)
[ view plain ]
| 000 -LEADER | |
|---|---|
| fixed length control field | 00855nam a2200133Ia 4500 |
| 008 - FIXED-LENGTH DATA ELEMENTS--GENERAL INFORMATION | |
| fixed length control field | 171212s9999 xx 000 0 und d |
| 020 ## - INTERNATIONAL STANDARD BOOK NUMBER | |
| International Standard Book Number | 9780833039620 |
| 100 ## - MAIN ENTRY--PERSONAL NAME | |
| Personal name | Hoehn, Andrew R.;Grissom, Adam;Ochmanek, David;Shlapak, David A.;Vick, Alan J.;Andrew R. Hoehn, ;Adam Grissom, ;David A. Ochmanek, ;David A. Shlapak, ;Alan J. Vick, |
| 245 ## - TITLE STATEMENT | |
| Statement of responsibility, etc | Hoehn, Andrew R.;Grissom, Adam;Ochmanek, David;Shlapak, David A.;Vick, Alan J.;Andrew R. Hoehn, ;Adam Grissom, ;David A. Ochmanek, ;David A. Shlapak, ;Alan J. Vick, |
| Title | A New Division of Labor |
| Remainder of title | Meeting America's Security Challenges Beyond Iraq |
| 260 ## - PUBLICATION, DISTRIBUTION, ETC. (IMPRINT) | |
| Name of publisher, distributor, etc | RAND Corporation |
| Date of publication, distribution, etc | 2007 |
| 650 ## - SUBJECT ADDED ENTRY--TOPICAL TERM | |
| Topical term or geographic name as entry element | Management & Organizational Behavior |
| 650 ## - SUBJECT ADDED ENTRY--TOPICAL TERM | |
| Topical term or geographic name as entry element | United States -- Military policy; United States -- Armed Forces -- Reorganization; World politics -- 21st century |
| 856 ## - ELECTRONIC LOCATION AND ACCESS | |
| Uniform Resource Identifier | <a href="www.jstor.org/stable/10.7249/mg499af">www.jstor.org/stable/10.7249/mg499af</a> |
| Withdrawn status | Lost status | Damaged status | Home library | Current library | Date acquired | Total Checkouts | Full call number | Date last seen | Price effective from | Koha item type |
|---|---|---|---|---|---|---|---|---|---|---|
| College Library | College Library | 12/12/2017 | UA23.N375 2007 | 12/12/2017 | 12/12/2017 | Curriculum - Based eBooks |